Statistics for Guess the Location #40 (Series 3)

Click here to take the quiz!

General Stats

  • This quiz has been taken 14 times
  • The average score is 11 of 15

Answer Stats

ISO 3166
Alpha-3
Sovereign
State?
ContinentLocation% Correct
ZWEYAfricaZimbabwe
100%
DNKYEuropeDenmark
93%
LVAYEuropeLatvia
93%
NGAYAfricaNigeria
93%
OMNYAsiaOman
93%
SVKYEuropeSlovakia
93%
BHSYN. Amer.Bahamas
86%
COGYAfricaRepublic of the Congo
86%
ISLYEuropeIceland
79%
BDIYAfricaBurundi
71%
SMRYEuropeSan Marino
64%
STPYAfricaSaõ Tomé and Príncipe
57%
LKAYAsiaSri Lanka
43%
ALANEuropeÅland Islands
29%
AIANN. Amer.Anguilla
21%

Score Distribution

Percentile by Number Answered

Percent of People with Each Score

Your Score History

You have not taken this quiz